First Pokémon by Type Combination: Flying - Statistics

General Stats
  • This quiz has been taken 102 times
    48 since last reset
  • The average score is 18 of 18
Answer Stats
Type combination Pokédex # Pokémon Generation % Correct
Flying / Rock 0142 Aerodactyl Kanto
100%
Flying / Psychic 0144 Articuno Galar
100%
Flying / Ice 0144 Articuno Kanto
100%
Flying / Bug 0012 Butterfree Kanto
100%
Flying / Fire 0006 Charizard Kanto
100%
Flying / Dragon 0149 Dragonite Kanto
100%
Flying / Ghost 0425 Drifloon Sinnoh
100%
Flying / Water 0130 Gyarados Kanto
100%
Flying / Dark 0146 Moltres Galar
100%
Flying / Normal 0016 Pidgey Kanto
100%
Flying / Fighting 0145 Zapdos Galar
100%
Flying / Electric 0145 Zapdos Kanto
100%
Flying / Ground 0207 Gligar Johto
97%
Flying / Steel 0227 Skarmory Johto
97%
Flying / Fairy 0176 Togetic Johto
97%
Flying / Grass 0187 Hoppip Johto
94%
Pure Flying 0641 Tornadus Unova
94%
Flying / Poison 0041 Zubat Kanto
94%
No matching quizzes found
Score Distribution
Percent of People with Each Score
Percentile by Number Answered
Your Score History
You have not taken this quiz since the last reset